|
|
|
แสดงรายละเอียดบรรณานุกรม |
|
|
Brief Record
: Get Marc (ISO 2709)
: E-mail record
: |
|
|
| LEADER 01174nam 2200277 a 4500 | |||
| 001 22011 | |||
| 003 ULIBM | |||
| 008 030417s2004 caua sb 001 0 eng | |||
| 082 ^a294.306^bพ-ป | |||
| 100 ^aพระอุดมปัญญาภรณ์ | |||
| 245 ^aประวัติวัดพระแก้ว อ.เมือง จ.เชียงราย/^cพระอุดมปัญญาภรณ์ | |||
| 260 ^aกรุงเทพฯ:^bโรงพิมพ์ไพศาลการพิมพ์,^cม.ป.ป. | |||
| 300 ^a16 หน้า | |||
| 913 ^aImported by ULIBM Administrator | |||
| 949 ^aImport form external file by ULIBM system | |||
| คุณยังไม่ได้ล็อกอิน คุณสามารถมีกิจกรรมร่วมกับเว็บไซต์ได้ แต่ต้องล็อกอินก่อน :: |
|
| สถานะ | |||||||||
| 1. | หนังสือ | 294.306 พ-ป 2004 Barcode: 041596 | ►หนังสือทั่วไป | On Shelf ขอยืม | |||||
| 2. | หนังสือ | 294.306 พ-ป 2004 Barcode: 041597 | ►หนังสือทั่วไป | On Shelf ขอยืม | |||||
| 3. | หนังสือ | 294.306 พ-ป 2004 Barcode: 041599 | ►หนังสือทั่วไป | On Shelf ขอยืม | |||||
| 4. | หนังสือ | 294.306 พ-ป 2004 Barcode: 041607 | ►หนังสือทั่วไป | On Shelf ขอยืม | |||||
| 5. | หนังสือ | 294.306 พ-ป 2004 Barcode: 041609 | ►หนังสือทั่วไป | On Shelf ขอยืม | |||||
| 6. | หนังสือ | 294.306 พ-ป 2004 Barcode: 041611 | ►หนังสือทั่วไป | On Shelf ขอยืม | |||||
| 7. | หนังสือ | 294.306 พ-ป 2004 Barcode: 041613 | ►หนังสือทั่วไป | On Shelf ขอยืม | |||||
| 8. | หนังสือ | 294.306 พ-ป 2004 Barcode: 041616 | ►หนังสือทั่วไป | On Shelf ขอยืม | |||||
| 9. | หนังสือ | 294.306 พ-ป 2004 Barcode: 041620 | ►หนังสือทั่วไป | On Shelf ขอยืม | |||||
| 10. | หนังสือ | 294.306 พ-ป 2004 Barcode: 041621 | ►หนังสือทั่วไป | On Shelf ขอยืม | |||||
| | |||||||||

| รายการใกล้เคียง ผู้แต่ง [พระอุดมปัญญาภรณ์]
|
BibComment |
| คอมเมนท์ทรัพยากรรายการนี้ |
|
|
ห้องสมุดโรงเรียนสามัคคีวิทยาคม
159 ถ.บรรพปราการ ต.เวียง อ.เมือง จ.เชียงราย 57000
โทร. 053-711018 โทรสาร 053-713003